[Event "Rostock op"]
[Site "Rostock"]
[Date "2009.08.30"]
[Round "7"]
[White "Bigalke, Steffen"]
[Black "Hilbert, Stephan Joerg"]
[Result "1-0"]
[WhiteElo "1978"]
[BlackElo "1591"]
[PlyCount "95"]
[EventDate "2009.08.27"]
[EventType "swiss"]
[EventRounds "7"]
[EventCountry "GER"]
[SourceTitle "CBM 132 Extra"]
[Source "ChessBase"]
[SourceDate "2009.11.03"]
[SourceVersion "1"]
[SourceVersionDate "2009.11.03"]
[SourceQuality "1"]

1. e4 c6 2. d4 d5 3. exd5 cxd5 4. Bd3 Nf6 5. c3 e6 6. Nf3 Nc6 7. Bg5 Be7 8. Nbd2 Bd7 9. h4 Qc7 10. Qe2 h6 11. Bxf6 Bxf6 12. Nb3 0-0-0 13. 0-0-0 Kb8 14. Kb1 Bc8 15. Rde1 Rd6 16. Ne5 Qe7 17. g3 Re8 18. f4 Bxe5 19. fxe5 Rd7 20. Nd2 Qd8 21. Nf3 Qb6 22. g4 Qd8 23. g5 f5 24. exf6 gxf6 25. gxh6 e5 26. dxe5 Nxe5 27. Qh2 Qc7 28. Nxe5 Rde7 29. Nd7+ Bxd7 30. Qxc7+ Kxc7 31. Rxe7 Rxe7 32. h7 Re8 33. Rg1 Be6 34. Rg7+ Kd6 35. Bg6 Rh8 36. Rxb7 a5 37. Kc1 Ke5 38. Kd2 f5 39. Ke3 Kf6 40. h5 Kg5 41. Re7 Kf6 42. Ra7 Kg5 43. Rxa5 f4+ 44. Kf2 Rb8 45. b4 Rd8 46. c4 Kg4 47. cxd5 Bxd5 48. Rxd5 1-0

[Event "Rostock op"]
[Site "Rostock"]
[Date "2009.08.27"]
[Round "1"]
[White "Welz, Peter"]
[Black "Hilbert, Stephan Joerg"]
[Result "1-0"]
[WhiteElo "2101"]
[BlackElo "1591"]
[PlyCount "67"]
[EventDate "2009.08.27"]
[EventType "swiss"]
[EventRounds "7"]
[EventCountry "GER"]
[SourceTitle "CBM 132 Extra"]
[Source "ChessBase"]
[SourceDate "2009.11.03"]
[SourceVersion "1"]
[SourceVersionDate "2009.11.03"]
[SourceQuality "1"]

1. e4 c6 2. d4 d5 3. e5 Bf5 4. c4 e6 5. Nc3 Nd7 6. cxd5 exd5 7. Bd3 Be6 8. Nge2 Qb6 9. 0-0 Ne7 10. a3 g6 11. b4 Bg7 12. Rb1 f6 13. Na4 Qc7 14. Nf4 Nf8 15. Nc5 Qc8 16. exf6 Bxf6 17. Re1 Bg4 18. Nxb7 Bxd1 19. Nd6+ Kd7 20. Nxc8 Rxc8 21. Rxd1 Rb8 22. b5 Kd6 23. Be3 Nd7 24. Ne2 Rb6 25. a4 g5 26. Ng3 h5 27. f4 g4 28. f5 Kc7 29. Ne2 Nb8 30. a5 Rb7 31. a6 Rb6 32. Bd2 Rxb5 33. Bxb5 cxb5 34. Rxb5 1-0